Schaum's Outline of Heat Transfer / (Record no. 614995)

000 -LEADER
fixed length control field 00390nam a22001337a 4500
020 ## - INTERNATIONAL STANDARD BOOK NUMBER
International Standard Book Number 978-0071764292
082 ## - DEWEY DECIMAL CLASSIFICATION NUMBER
Classification number 621.4022
Author Mark PIT
100 ## - MAIN ENTRY--PERSONAL NAME
Personal name Pitts, Donald
245 ## - TITLE STATEMENT
Title Schaum's Outline of Heat Transfer /
Statement of responsibility, etc. Donald Pitts (Author), Leighton E. Sissom (Author)
250 ## - EDITION STATEMENT
Edition statement 2nd Edition
260 ## - PUBLICATION, DISTRIBUTION, ETC.
Place of publication, distribution, etc. New York:
Name of publisher, distributor, etc. McGraw Hill,
Date of publication, distribution, etc. 2012.
300 ## - PHYSICAL DESCRIPTION
Extent vii, 365p. ;
942 ## - ADDED ENTRY ELEMENTS (KOHA)
Source of classification or shelving scheme
Koha item type Book
Holdings
Withdrawn status Lost status Source of classification or shelving scheme Damaged status Not for loan Permanent Location Current Location Shelving location Date acquired Total Checkouts Full call number Barcode Date last seen Price effective from Koha item type
          Central Library (CL) Central Library (CL) Lincoln Corner 10/03/2025   621.4022 PIT LC-485 10/03/2025 10/03/2025 Book
© 2023 Central Library, National University of Sciences and Technology. All Rights Reserved.